000
00289nam a22001217a 4500
082
_a
658.5038 NIE'P
100
_a
NIECE, E. H. MAC
_9
78929
245
_a
PRODUCTION FORECASTING PLANNING AND CONTROL
250
_a
3RD
260
_a
LONDON
_b
JOHN WILEY
_c
1961
300
_a
402P
942
_c
BK
999
_c
583998
_d
583998